Statistics for Mountain Ranges on Borders

Click here to take the quiz!

General Stats

  • This quiz has been taken 49 times
  • The average score is 10 of 14

Answer Stats

BorderRange% Correct
China and IndiaHimalayas
96%
Italy and SwitzerlandAlps
93%
Argentina and ChileAndes
93%
France and SpainPyrenees
93%
Idaho and MontanaRocky
89%
Virginia and West VirginiaAppalachian
87%
Georgia and RussiaCaucasus
87%
Algeria and MoroccoAtlas
80%
Slovakia and UkraineCarpathian
71%
California and NevadaSierra Nevada
69%
Norway and SwedenScandinavian
44%
China and KyrgyzstanTien Shan
27%
Iran and IraqZagros
27%
Laos and VietnamAnnamite
16%

Score Distribution

Percentile by Number Answered

Percent of People with Each Score

Your Score History

You have not taken this quiz